[Event "Cuiaba Contaud op"]
[Site "Cuiaba"]
[Date "2023.11.02"]
[Round "1"]
[White "Ricci, Lucas Estremes"]
[Black "Will, Malton Gustavo Gusm"]
[Result "0-1"]
[WhiteElo "1550"]
[BlackElo "1800"]
[PlyCount "94"]
[EventDate "2023.11.02"]
[EventType "swiss"]
[EventRounds "7"]
[EventCountry "BRA"]
[SourceTitle "CB46_2023"]
[SourceDate "2023.11.15"]
[SourceVersion "1"]
[SourceVersionDate "2023.11.15"]
[SourceQuality "1"]

1. d4 d5 2. c4 c6 3. Nf3 e6 4. g3 Nf6 5. Bg2 Nbd7 6. 0-0 Be7 7. Qc2 h6 8. Nc3 b6 9. e4 dxe4 10. Nxe4 Bb7 11. Bf4 Nxe4 12. Qxe4 Nf6 13. Qe2 0-0 14. Rfd1 Bd6 15. Ne5 Qc8 16. Nxc6 Bxc6 17. Bxd6 Bxg2 18. Bxf8 Qb7 19. Bb4 Bf3 20. Qf1 Bxd1 21. Rxd1 Qf3 22. Qd3 Qg4 23. f3 Qh3 24. d5 exd5 25. cxd5 Rd8 26. d6 Rd7 27. Rc1 Qe6 28. Rc8+ Ne8 29. Qe4 Kf8 30. Kf2 a5 31. Rc7 Nf6 32. Qa8+ Ne8 33. Qc6 Nf6 34. Ba3 Kg8 35. Qxb6 Nd5 36. Rc8+ Kh7 37. Qc5 Nb4 38. Bxb4 axb4 39. Qxb4 Rxd6 40. Rc2 g6 41. Re2 Qd7 42. a4 Rd1 43. a5 Qh3 44. Ke3 Qe6+ 45. Qe4 Qd7 46. b4 Qa7+ 47. Kf4 Rd4 0-1